Les machines agricoles (Record no. 11516)

MARC details
000 -LEADER
fixed length control field 00463 a2200205 4500
035 ## - SYSTEM CONTROL NUMBER
System control number 8744
100 ## - VEDETTE PRINCIPALE - NOM DE PERSONNE
Personal name CANDELON, Philippe
130 ## - VEDETTE PRINCIPALE - TITRE UNIFORME
Language of a work Fr.
260 ## - PUBLICATION, DISTRIBUTION, ETC. (IMPRINT)
Place of publication, distribution, etc Paris
260 ## - PUBLICATION, DISTRIBUTION, ETC. (IMPRINT)
Name of publisher, distributor, etc J.-Baillière
245 ## - TITLE STATEMENT
Title Les machines agricoles
260 ## - PUBLICATION, DISTRIBUTION, ETC. (IMPRINT)
Date of publication, distribution, etc 1973
300 ## - PHYSICAL DESCRIPTION
Extent 372 p.
300 ## - PHYSICAL DESCRIPTION
Other physical details ill., fig. ; 20 cm
440 ## - SERIES STATEMENT/ADDED ENTRY--TITLE
Title (Collection d'enseignement agricole)
650 ## - SUBJECT ADDED ENTRY--TOPICAL TERM
Topical term or geographic name as entry element <Machines agricoles>
Holdings
Withdrawn status Lost status Damaged status Not for loan Location (home branch) Sublocation or collection (holding branch) Date acquired Source of acquisition Koha issues (times borrowed) Koha full call number Piece designation (barcode) Koha date last seen Copy number Koha item type
        Bibliothèque Ecole Polytechnique d'Abomey-Calavi Bibliothèque Ecole Polytechnique d'Abomey-Calavi 27/02/2009 EPAC   631.3/C216m 21269EPAC 27/02/2009 1 Livre


© 2008, Bibliothèques de l'Université d'Abomey-Calavi

04 BP 789 Cotonou, Tél. : +229 21 36 01 01, Fax : +229 21 35 06 32

Courriel : bu@bu.uac.bj